banner-ar

FISHERY STATISICS-CATCHES AND LANDINGS / (Record no. 25860)

MARC details
000 -الفاتح
حقل البيانات ثابتة الطول 00551nam a2200217Ia 4500
008 - عناصر البيانات ثابتة الطول - معلومات عامة
حقل البيانات ثابتة الطول 140319s9999 xx 000 0 aRus d
040 ## - مصدر الفهرسة
وكالة الفهرسة الأصلية GCL /
وكالة النسخ GCL
082 04 - رقم تصنيف ديوى العشرى
رقم التصنيف P
رقم المادة 338.3727
-- F F
100 1# - المدخل الرئيسى - إسم شخصى
الإسم الشخصى FAO
245 10 - بيان العنوان
العنوان FISHERY STATISICS-CATCHES AND LANDINGS /
بيان المسئوليه,etc FAO
260 ## - PUBLICATION, DISTRIBUTION, ETC. (IMPRINT)
تاريخ النشر أو التوزيع 1994
300 ## - الوصف المادى
التعداد 677 P
650 04 - المدخل الاضافى بالموضوع-مصطلح موضوعى
مصطلح موضوعي STATISTICS
650 04 - المدخل الاضافى بالموضوع-مصطلح موضوعى
مصطلح موضوعي FISH
650 04 - المدخل الاضافى بالموضوع-مصطلح موضوعى
مصطلح موضوعي PERIODICALS
650 04 - المدخل الاضافى بالموضوع-مصطلح موضوعى
مصطلح موضوعي FISHERY PROCESSING
650 04 - المدخل الاضافى بالموضوع-مصطلح موضوعى
مصطلح موضوعي FAO
650 04 - المدخل الاضافى بالموضوع-مصطلح موضوعى
مصطلح موضوعي YEAR BOOKS
942 ## - عناصر المدخل الإضافي( كوها)
مصدر التصنيف او مخطط الترفيف Dewey Decimal Classification
Koha [default] item type الدوريات
260 ## - PUBLICATION, DISTRIBUTION, ETC. (IMPRINT)
-- [S.N] :
-- FOOD AND AGRICULTURE ORGANIZATION OF THE ،
Holdings
حالة التراجع حالة الفقد حالة تلف ليس للاعارة المكان المؤقت الموقع الحالى تاريخ الاكتساب اجمالي اﻻعارات رقم الطلب الباركود تاريخ اخر مشاهدة تاريخ تفعيل السعر نوع وعاء كوها
        مكتبة القاهرة الكبرى مكتبة القاهرة الكبرى 03/26/2014   P\338.3727\F F 45890 03/26/2014 03/26/2014 الدوريات
        مكتبة القاهرة الكبرى مكتبة القاهرة الكبرى 03/26/2014   P\338.3727\F F 45891 03/26/2014 03/26/2014 الدوريات

Powered By

EGPV